Папка № 70; Библиотека профессора А. А. Воробьева; Заключительное слово ректора. 03.10.1966 г. (К 70-летию ТПИ); Сорок четыре года учебно-научной деятельности и подготовки инженерных кадров ТПИ; Речь ректора ТПИ на расширенном торжественном заседании Совета института 05.10.1966 г., посвященного 70-летию со дня основания ТПИ; О воспитании студентов в учебном процессе; Материалы для обсуждения на совещании ректоров вузов 15-16 июня 1965 г. "О сочетании обучения и воспитания студентов в вузе" (опыт работы)

Bibliografiske detaljer
Parent link:Библиотека профессора А. А. Воробьева: архивные материалы/ А. А. Воробьев; Национальный исследовательский Томский политехнический университет, Научно-техническая библиотека. Папка № 70.— : [Б. и.], [Б. г.]
Sprog:russisk
Udgivet: [Б. г.]
TOC:Заключительное слово ректора. 03.10.1966 г. (К 70-летию ТПИ);
Сорок четыре года учебно-научной деятельности и подготовки инженерных кадров ТПИ;
Речь ректора ТПИ на расширенном торжественном заседании Совета института 05.10.1966 г., посвященного 70-летию со дня основания ТПИ;
О воспитании студентов в учебном процессе;
Материалы для обсуждения на совещании ректоров вузов 15-16 июня 1965 г. "О сочетании обучения и воспитания студентов в вузе" (опыт работы);
Fag:
Format: MixedMaterials Bog
KOHA link:https://koha.lib.tpu.ru/cgi-bin/koha/opac-detail.pl?biblionumber=351532

MARC

LEADER 00000nam2a2200000 4500
001 351532
005 20231102010419.0
035 |a (RuTPU)RU\TPU\retro\6594 
035 |a RU\TPU\retro\6593 
090 |a 351532 
100 |a 20190607d k y0rusy50 ca 
101 0 |a rus 
102 |a RU 
105 |a y z 000zy 
200 0 |a Папка № 70 
210 |d [Б. г.] 
215 |a 102 л. 
317 |5 63413507: КР-6619  |a Поступил в НТБ в 1987 г. в дар от вдовы ученого Е. К. Завадовской 
461 1 |0 (RuTPU)RU\TPU\retro\6701  |t Библиотека профессора А. А. Воробьева  |o архивные материалы  |f А. А. Воробьев  |g Национальный исследовательский Томский политехнический университет, Научно-техническая библиотека  |v Папка № 70  |n [Б. и.]  |d [Б. г.] 
464 |t Заключительное слово ректора. 03.10.1966 г. (К 70-летию ТПИ)  |p 6 л. 
464 |t Сорок четыре года учебно-научной деятельности и подготовки инженерных кадров ТПИ  |p 13 л. 
464 |t Речь ректора ТПИ на расширенном торжественном заседании Совета института 05.10.1966 г., посвященного 70-летию со дня основания ТПИ  |p 32 л. 
464 |t О воспитании студентов в учебном процессе  |p 13 л. 
464 |t Материалы для обсуждения на совещании ректоров вузов 15-16 июня 1965 г. "О сочетании обучения и воспитания студентов в вузе" (опыт работы)  |p 38 л. 
606 1 |a Томский политехнический университет  |2 stltpush  |3 (RuTPU)RU\TPU\subj\67475  |9 83260 
610 1 |a библиотека А. А. Воробьева 
610 1 |a труды учёных ТПУ 
610 1 |a рукописи 
610 1 |a инженерные кадры 
610 1 |a подготовка 
610 1 |a учебно-научная деятельность 
610 1 |a студенты 
610 1 |a воспитание 
610 1 |a учебный процесс 
610 1 |a дары библиотеке 
686 |a Ч484(2)72ТПУ  |v LBC/SL-A  |2 rubbk 
801 1 |a RU  |b 63413507  |c 20190607 
801 2 |a RU  |b 63413507  |c 20191108  |g RCR 
942 |c BK